Global islamophobia and the rise of populism (Record no. 1430646)

MARC details
000 -LEADER
fixed length control field 02234nam a2200217Ia 4500
005 - DATE AND TIME OF LATEST TRANSACTION
control field 20250605113841.0
008 - FIXED-LENGTH DATA ELEMENTS--GENERAL INFORMATION
fixed length control field 008 250516s9999 xx 000 0 eng d
020 ## - INTERNATIONAL STANDARD BOOK NUMBER
International Standard Book Number 9780197649008
040 ## - CATALOGING SOURCE
Original cataloging agency SDCL
Language of cataloging eng
Transcribing agency SDCL
041 ## - LANGUAGE CODE
Language code of text/sound track or separate title eng
Source of code eng
084 ## - COLON CLASSIFICATION NUMBER
Classification number V44Q7'P R4
Assigning agency SDCL
245 #0 - TITLE STATEMENT
Title Global islamophobia and the rise of populism
260 ## - PUBLICATION, DISTRIBUTION, ETC.
Place of publication, distribution, etc. New York :
Name of publisher, distributor, etc. Oxford University Press,
Date of publication, distribution, etc. 2024.
300 ## - PHYSICAL DESCRIPTION
Extent x, 281p.
365 ## - TRADE PRICE
Price type code INR
Price amount 3500
520 ## - SUMMARY, ETC.
Summary, etc. In recent years, Islamophobia has seen a disturbing global rise. Blaming Muslim minorities for economic, political, and social problems is an increasingly common rhetorical strategy for politicians in countries worldwide. A narrative of the "threatening Muslim invader" is troublingly prevalent, regardless of whether the targets of such rhetoric are born citizens or new arrivals. Its consequences are deadly and devastating for Uyghurs in China-indefinitely detained in concentration camps-Indian Muslims attacked in pogroms, and the Rohingya victims of genocide. In parts of Europe and North America, the consequences of Islamophobia are less overtly violent but no less harmful: Muslims are banned from wearing hijab, building minarets, opening Islamic schools, or legally immigrating to certain countries. In the United States, Europe, and India, Islamophobic rhetoric is increasingly normalized, fracturing ethnically diverse societies as xenophobic right-wing political ideals accumulate followers at an alarming pace. In turn, Islamophobia in the West gives license to discrimination elsewhere, creating a vicious cycle of Islamophobia.Global Islamophobia and the Rise of Populism is the first book to systemically examine the complex factors contributing to the rise in Islamophobia and right-wing populism across three continents-North America, Europe and Asia. Internationally renowned scholars offer insightful and empirically grounded analysis linking local contexts with global trends. This groundbreaking book is an essential contribution to discourse on immigration, racism, xenophobia, and human rights.
650 ## - SUBJECT ADDED ENTRY--TOPICAL TERM
Topical term or geographic name entry element History/ Muslim/ Pakistan
9 (RLIN) 811863
700 ## - ADDED ENTRY--PERSONAL NAME
Personal name Aziz, Sahar F.
9 (RLIN) 811630
700 ## - ADDED ENTRY--PERSONAL NAME
Personal name Esposito, John L.
9 (RLIN) 141254
942 ## - ADDED ENTRY ELEMENTS (KOHA)
Koha item type Textual
Source of classification or shelving scheme Colon Classification (CC)
Suppress in OPAC No
Holdings
Withdrawn status Lost status Source of classification or shelving scheme Damaged status Not for loan Home library Current library Date acquired Source of acquisition Inventory number Total Checkouts Full call number Barcode Date last seen Price effective from Koha item type
    Colon Classification (CC)     South Campus Library South Campus Library 2025-05-22 Pioneer Book Distributor 65, 11/12/2024   V44Q7'P R4 SC1690822 2025-05-22 2025-05-22 Textual
Copyright @ Delhi University Library System